| 000 | 00704nam a2200229 a 4500 | ||
|---|---|---|---|
| 001 | BRCA_5520 | ||
| 005 | 20190320205120.0 | ||
| 008 | 051010s1942----ag-a######---#000-0#spa-# | ||
| 041 | _aspa | ||
| 044 | _aag | ||
| 050 | 4 |
_aND813 _b.S67 2 _c1942 |
|
| 245 | 1 | 0 |
_aSorolla _bsu obra en el arte español y sus obras en la Argentina. |
| 260 |
_aBuenos Aires _bInstitución Cultural Española _c1942 |
||
| 300 |
_a103 p. _bil. (algunas a color), 9 láminas _c28 cm. |
||
| 500 | _aEstado físico: Encuadernación deteriorada | ||
| 500 | _aEjemplar igual a CFG32 | ||
| 500 | _aE87 | ||
| 600 | 1 | 4 |
_aSorolla, Joaquín _d1863-1923 _911937 |
| 650 | 1 | 4 |
_aPintores españoles _97620 |
| 902 | _aGFM | ||
| 942 |
_2lcc _cB |
||
| 999 |
_c5214 _d5214 |
||